000 00679 a2200205 4500
001 62719
005 20260407155920.0
008 260407a1987 arg spa d
003 AR-UNSa-BCEJYS
040 _aAR-UNSa-BCEJYS
_bspa
_cAR-UNSa-BCEJYS
080 _a342.98
_xFunción pública. Estatuto de los funcionarios
245 1 0 _aProceso de construcción y desarrollo de la función pública autonómica
020 _a978-84-7351-212-1
264 1 _aMadrid :
_bInstituto Nacional de Administración Pública (INAP)
_c1987
300 _a263 p.
_c19 cm.
041 _aspa
942 _cBK
590 _aniveau_biblio:m niveau_hierar:0
100 1 _aCastells Arteche, José Manuel
999 _c7762
_d7762